000 00306nam a22001337a 4500
003 SGT
082 _a275
_b362.1
100 _aMALVIYA, KIRTI
245 _aSOCIAL AND PREVENTIVE PHARMACY
260 _aINDIA
_bPEE VEE
_c2021
300 _a236
650 _aSOCIAL AND PREVENTIVE PHARMACY
942 _2ddc
_cBK
999 _c32473
_d32473